000 00545nam a2200181Ia 4500
003 GCL
008 140319s9999 xx 000 0 eng d
040 _aGCL /
_cGCL
082 0 4 _a320.917124709049
_bB N
100 1 _aBREMMER, IAN
245 1 0 _aNEW STATES, NEW POLITICS: BUILDING THE POST - SOVIET NATIONS /
_cBREMMER, IAN
700 1 _aTARAS, RAY
260 _a[S.N] :
_bCAMBRIDGE UNIVERSITY PRESS ،
_c1996
650 0 4 _aFORMER SOVIET REPUBLICS
650 0 4 _aNEW INDEPENDENT - STATES
650 0 4 _aFORMER SOVIET STATES
942 _2ddc
_cBK
999 _c14394
_d14394